00394 2200157 4500001002100000005001700021008004100038020001800079035002500097041000700122082001100129100001700140245005300157250000600210260002000216INLIS0000000000000340:yyyyMMddHHmmss180719||||||||| | ||| |||| || |  a979-794-027-6 a0010-031300000000034 aid0 a006.660 aYayan Sopyan00afoto indah&artistik : dengan rekayasa photo shop a3 bMediakitac2006